Light of Indian Intellect / (Record no. 84863)

MARC details
000 -LEADER
fixed length control field 00817nam a22002417a 4500
005 - DATE AND TIME OF LATEST TRANSACTION
control field 20180310112713.0
010 ## - LCCN (DPL NO)
LC control number ENG-110145
020 ## - INTERNATIONAL STANDARD BOOK NUMBER
International Standard Book Number 9788184301250
Terms of availability 600.00
035 ## - SYSTEM CONTROL NUMBER
System control number EN-93677
035 ## - SYSTEM CONTROL NUMBER
System control number B-528635
035 ## - SYSTEM CONTROL NUMBER
System control number B-667795
037 ## - SOURCE OF ACQUISITION
Source of stock number/acquisition DBAD/PUB
037 ## - SOURCE OF ACQUISITION
Source of stock number/acquisition Ocean Books/Ven
Stock number dpl
082 ## - DEWEY DECIMAL CLASSIFICATION NUMBER
Classification number 954
100 ## - MAIN ENTRY--PERSONAL NAME
Personal name Singhvi, L.M.
245 ## - TITLE STATEMENT
Title Light of Indian Intellect /
Statement of responsibility, etc by L.M. Singhvi
260 ## - PUBLICATION, DISTRIBUTION, ETC. (IMPRINT)
Place of publication, distribution, etc New Delhi
Name of publisher, distributor, etc Ocean Books
Date of publication, distribution, etc 2012
270 ## - ADDRESS
Address 4/19 Asaf Ali Road
City New Delhi
Postal code 110002
300 ## - PHYSICAL DESCRIPTION
Extent 232p.
Dimensions 24cm(Hb)
942 ## - ADDED ENTRY ELEMENTS (KOHA)
Source of classification or shelving scheme Dewey Decimal Classification
Item type English Books
Call number suffix SIN
Classification part 954
Holdings
Withdrawn status Lost status Not for loan Collection code Home library Current library Date acquired Source of acquisition Cost, normal purchase price Full call number Barcode Copy number Cost, replacement price Koha item type
      Non-fiction Ashok Vihar Ashok Vihar 10/03/2018 Ocean Books/19698/04.03.2017/357/15.02.2017/18.03.2017 600.00 954 SIN B-667795 1 600.00 English Books
      Non-fiction Central Library Central Library 12/06/2014 Ocean Books/19422/28.10.2013/34/10.10.2013/29.10.2013 600.00 954 SIN B-528635 1 600.00 English Books
    Not For Loan Non-fiction D.B.Act.Division D.B.Act.Division 05/06/2014 DBAD/PUB 600.00 954 SIN EN-93677 1 600.00 English Books

© Delhi Public Library
Hit Counter
free hit counter